| 000 | 00974nam a22002297a 4500 | ||
|---|---|---|---|
| 999 |
_c177570 _d177570 |
||
| 005 | 20210407165822.0 | ||
| 010 | _aB-739300-302 B-739728 | ||
| 020 |
_a9789351952930 _c299.00 |
||
| 035 | _aB-739300-302 | ||
| 035 | _aB-739728 | ||
| 037 | _bHachette India | ||
| 037 | _bGift | ||
| 082 | _a485 | ||
| 100 | _aBlyton, Enid | ||
| 245 |
_aI love to read: _bfun with reading comprehension / _cby Enid Blyton |
||
| 260 |
_bHachette Book Publishing _aGurugram _c2019 |
||
| 270 |
_a4th and 5th Floors, Corporate Centre, Plot No. 94, Sector 44 _bGurugram _e122003 |
||
| 300 |
_a105p.: _bill. _c23cm(pbk) |
||
| 942 |
_2ddc _cCH _mBLY _h485 |
||